banner koha

Procedimentos para fiscalização de estabelecimentos produtores de agrotóxicos (Registro n. 300578)

MARC details
000 -LÍDER
Campo de controle fixo 00944nam a22002897a 4500
001 - NÚMERO DE CONTROLE
Número de controle aBR2024001973
003 - CÓDIGO MARC DA AGÊNCIA CATALOGADORA
Campo de controle BR-BrBNA
005 - DATA E HORA DA ÚLTIMA ATUALIZAÇÃO
Campo de controle 20240718100931.0
008 - CAMPO DE TAMANHO FIXO
Campo fixo de controle 240718b bl.||||| |||| 00| 0 por d
040 ## - FONTE DA CATALOGAÇÃO
Agência catalogadora BR-BrBNA
Idioma da catalogação por
041 ## - CÓDIGO DO IDIOMA
Código do Idioma por
072 ## - CATEGORIA AGRIS
Código da categoria de assunto/objeto <a href="H01 ; C10 ; D10">H01 ; C10 ; D10</a>
090 ## - NÚMERO DE CHAMADA
Localização na estante H01 BR2024001973
100 0# - ENTRADA PRINCIPAL - NOME PESSOAL
Nome pessoal Takehama, Alfredo Seiti
100 0# - ENTRADA PRINCIPAL - NOME PESSOAL
Nome pessoal Britto, Júlio Sérgio de
110 ## - ENTRADA PRINCIPAL - ENTIDADE
Nome da entidade ou lugar Ministério da Agricultura, Pecuária e Abastecimento, Brasília, DF (Brasil)
9 (RLIN) 6897
245 ## - TÍTULO PRINCIPAL
Título principal Procedimentos para fiscalização de estabelecimentos produtores de agrotóxicos
Subtítulo Curso de Formação para os Candidatos ao Cargo de Fiscal Federal Agropecuário - 4. Turma
260 ## - IMPRENTA (PUBLICAÇÃO, DISTRIBUIÇÃO, ETC.)
Lugar de publicação, distribuição, etc. Brasília, DF (Brasil)
Data de publicação, distribuição, etc 2003
300 ## - DESCRIÇÃO FÍSICA
Extensão 33 p.
650 ## - ASSUNTO - THESAGRO
Cabeçalho tópico ou nome geográfico DEFESA VEGETAL
650 ## - ASSUNTO - THESAGRO
Cabeçalho tópico ou nome geográfico FISCALIZAÇÃO SANITÁRIA
650 ## - ASSUNTO - THESAGRO
Cabeçalho tópico ou nome geográfico AGROTÓXICO
650 ## - ASSUNTO - THESAGRO
Cabeçalho tópico ou nome geográfico CURSO
650 ## - ASSUNTO - THESAGRO
Cabeçalho tópico ou nome geográfico CAPACITAÇÃO
909 ## - IDENTIFICAÇÃO DO CATALOGADOR
Ano e mês da catalogação (aaaamm) 202407
Identificação do catalogador Fernando
942 ## - TIPO ESPECÍFICO
Tipo de material Livros
952 ## - LOCATION AND ITEM INFORMATION (KOHA)
-- 2024-07-18
Exemplares
Status de empréstimo Fonte de classificação Status de danificação Não pode ser emprestado Código da coleção Localização permanente Localização atual Localização na estante Total Checkouts Número de chamada Código de barras Tipo de material
  Classificação AGRIS     Agrobase Biblioteca Nacional de Agricultura - Binagri Biblioteca Nacional de Agricultura - Binagri Agrobase - Acervo Geral   H01 BR2024001973 2024-3290 Livros

BINAGRI

Telefone: (61)3218-2567/2388/3357/2097 - binagri@agro.gov.br

Ministério da Agricultura e Pecuária , Esplanada dos Ministérios, Bloco D, Anexo B, Brasília/DF, CEP: 70.043-900